00760nam a2200193 a 450000100060000000300090000600800410001502000180005604000280007404100080010208200130011010000380012324501040016125000110026526000410027630000110031750000470032865101910037525562CO-ViMGA141112s2004 ck r 000 u spa d a9789584224590 aCO-ViMGAbspacCO-ViMGA aSPA04a980 E76c1 aEspaña Arenas, Gonzalo, 1945 - 10a111 historias claves de la independencia : bque todo el mundo debería saber / cGonzalo España a1a ed. aBogotá : bMartínez Roca, c2013 a293 p. aIncluye bibliografía al final del texto. aCOLOMBIA - HISTORIA - ANECDOTAS, CHISTES, SATIRAS, ETC. / COLOMBIA - HISTORIA - GUERRA DE INDEPENDENCIA, 1810 - 1819 / América LATINA - HISTORIA - GUERRAS DE INDEPENDENCIA, 1806 - 1830